|
|
|
|
| LEADER |
01206nam a2200289 a 4500 |
| 001 |
c000065223 |
| 003 |
CARM |
| 005 |
00000000000000.0 |
| 008 |
810204s1981 nyuafc 00110ceng |
| 019 |
1 |
|
|a 1944225
|5 LACONCORD2021
|
| 020 |
|
|
|a 080379469X :
|c $25.00
|
| 035 |
|
|
|a (OCoLC)7282470
|5 LACONCORD2021
|
| 050 |
0 |
0 |
|a HQ1413.S73
|b A4 1981
|
| 100 |
1 |
|
|a Stone, Lucy,
|d 1818-1893.
|
| 245 |
1 |
0 |
|a Loving warriors :
|b selected letters of Lucy Stone and Henry B. Blackwell, 1853 to 1893 /
|c edited and introduced by Leslie Wheeler.
|
| 260 |
|
|
|a New York :
|b Dial Press,
|c c1981.
|
| 300 |
|
|
|a viii, 406 p., [4] p. of plates :
|b ill., ports. ;
|c 24 cm.
|
| 500 |
|
|
|a Includes index.
|
| 600 |
1 |
0 |
|a Stone, Lucy,
|d 1818-1893.
|
| 600 |
1 |
0 |
|a Blackwell, Henry B.
|q (Henry Browne),
|d 1825-1909.
|
| 650 |
|
0 |
|a Feminists
|z United States
|x Correspondence.
|
| 700 |
1 |
|
|a Blackwell, Henry B.
|q (Henry Browne),
|d 1825-1909.
|
| 700 |
1 |
|
|a Wheeler, Leslie,
|d 1945-
|
| 852 |
8 |
|
|b CARM
|h A2:AF08D0
|i C01312
|p 0029766
|f BK
|
| 082 |
0 |
4 |
|a 305.4/2/0922
|2 19
|
| 999 |
f |
f |
|i 77d90df3-edb3-56c2-b73b-f441cb428e87
|s cf5b12d2-386e-52cf-8aef-2e83b5f5774a
|
| 952 |
f |
f |
|p Can circulate
|a CAVAL
|b CAVAL
|c CAVAL
|d CARM 1 Store
|e C01312
|f A2:AF08D0
|h Other scheme
|i book
|m 0029766
|